<?xml version="1.0" encoding="UTF-8"?><?xml-stylesheet type="text/xsl" href="static/style.xsl"?><OAI-PMH xmlns="http://www.openarchives.org/OAI/2.0/" xmlns:xsi="http://www.w3.org/2001/XMLSchema-instance" xsi:schemaLocation="http://www.openarchives.org/OAI/2.0/ http://www.openarchives.org/OAI/2.0/OAI-PMH.xsd"><responseDate>2026-04-27T19:48:42Z</responseDate><request verb="GetRecord" identifier="oai:uvadoc.uva.es:10324/5900" metadataPrefix="marc">https://uvadoc.uva.es/oai/request</request><GetRecord><record><header><identifier>oai:uvadoc.uva.es:10324/5900</identifier><datestamp>2021-06-29T09:56:30Z</datestamp><setSpec>com_10324_38</setSpec><setSpec>col_10324_852</setSpec></header><metadata><record xmlns="http://www.loc.gov/MARC21/slim" xmlns:doc="http://www.lyncode.com/xoai" xmlns:xsi="http://www.w3.org/2001/XMLSchema-instance" xmlns:dcterms="http://purl.org/dc/terms/" xsi:schemaLocation="http://www.loc.gov/MARC21/slim http://www.loc.gov/standards/marcxml/schema/MARC21slim.xsd">
<leader>00925njm 22002777a 4500</leader>
<datafield tag="042" ind1=" " ind2=" ">
<subfield code="a">dc</subfield>
</datafield>
<datafield tag="720" ind1=" " ind2=" ">
<subfield code="a">Miranda Osta, Ana</subfield>
<subfield code="e">author</subfield>
</datafield>
<datafield tag="260" ind1=" " ind2=" ">
<subfield code="c">2014</subfield>
</datafield>
<datafield tag="520" ind1=" " ind2=" ">
<subfield code="a">Este trabajo de carácter teórico-práctico presenta un estudio realizado en cuatro esplais de Cataluña, en concreto en la ciudad de Terrassa, acerca de la reacción que tienen diferentes niños y niñas a la hora de resolver un problema y muestra en profundidad una propuesta para trabajar la educación en valores a través de la creatividad.</subfield>
</datafield>
<datafield tag="024" ind2=" " ind1="8">
<subfield code="a">http://uvadoc.uva.es/handle/10324/5900</subfield>
</datafield>
<datafield ind1=" " ind2=" " tag="653">
<subfield code="a">Educación en valores</subfield>
</datafield>
<datafield ind1=" " ind2=" " tag="653">
<subfield code="a">Creatividad en el niño</subfield>
</datafield>
<datafield tag="245" ind1="0" ind2="0">
<subfield code="a">La educación en valores a través de la creatividad: intervención educativa en cuatro esplais de Cataluña</subfield>
</datafield>
</record></metadata></record></GetRecord></OAI-PMH>